00565nam a22001817a 450000500170000001000150001702000260003203500140005803700130007208200150008510000180010024500630011826000450018127000660022630000330029249000360032550000220036120180918114028.0 aENG-123986 a9780199470778c995.00 aEN-107518 bDBAD/PUB a616.610654 aSaxena, Anita aHandbook of nutrition in kidney disease /cby Anita Saxena aNew DelhibOxford University Pressc2018 bNew Delhie110002a2/11 Ground Floor, Ansari Road, Daryaganj, axxvi,472pc20cm.(pbk.)bill. aOxford Clinical Practice Series aIt includes index